Mládež a kouření pomůcka pro pedagogy a vychovatele

Bibliographic Details
Main Authors: Svobodová, Alena (Author), Kozák, Jiří T., 1926-2002 (Author)
Format: Book
Language:Czech
Published: Praha Ústav zdravotní výchovy 1990
Edition:2., upr. vyd.
Series:Metodické podklady pro pedagogy a vychovatele
Subjects:

MARC

LEADER 00000cam a2200000 a 4500
001 vtls001132923
003 SK-MaSNL
005 20260301062946.0
008 240313s1990 xr 00000 cze
035 |a SNK000075775 
040 |a SNK  |b slo  |c SNK  |e AACR2 
041 0 |a cze 
044 |a xr  |c CZ 
080 |a 613.84-053.6  |2 1981 
100 1 |a Svobodová, Alena  |4 aut  |9 279366 
245 1 0 |a Mládež a kouření  |b pomůcka pro pedagogy a vychovatele  |c Alena Svobodová, Jiří Kozák 
250 |a 2., upr. vyd. 
260 |a Praha  |b Ústav zdravotní výchovy  |c 1990 
300 |a 41, [1] s.  |c 20 cm 
490 1 |a Metodické podklady pro pedagogy a vychovatele 
650 0 7 |a fajčenie  |2 SNKPH  |9 2509 
650 0 7 |a mládež  |2 SNKPH  |9 1575 
650 0 7 |a boj proti fajčeniu  |2 SNKPH  |9 18631 
655 7 |a príručky  |2 SNKPH  |9 74364 
700 1 |a Kozák, Jiří T.,  |d 1926-2002  |4 aut  |9 242675 
830 0 |a Metodické podklady pro pedagogy a vychovatele  |9 377959 
852 |a Slovenská národná knižnica 
958 |a OND 
999 |c 622425  |d 624355 
952 |t P60, <04>, [BOOK], {604}  |a SNK  |b SNK  |y VYP  |7 0  |p 17A0217918  |o snkID 92695  |0 0  |1 1  |4 0  |d 1999-10-28  |l 0  |r 2005-01-01 00:00:00  |w 2026-02-23